|
|
|
|
| LEADER |
00000nam0a2200000 4500 |
| 001 |
112221 |
| 005 |
20231101215039.0 |
| 035 |
|
|
|a (RuTPU)RU\TPU\book\121323
|
| 090 |
|
|
|a 112221
|
| 100 |
|
|
|a 20070324d1976 m y0rusy50 ca
|
| 101 |
0 |
|
|a rus
|
| 102 |
|
|
|a RU
|
| 105 |
|
|
|a a z 001zy
|
| 200 |
1 |
|
|a Получение, свойства и применение фенопластов и ионообменных смол
|e сборник научных трудов
|f Научно-исследовательский институт технико-экономических исследований химической промышленности (НИИТЭХИМ) ; Кемеровский научно-исследовательский институт химической промышленности
|
| 210 |
|
|
|a Москва
|c НИИТЭХИМ
|d 1976
|
| 215 |
|
|
|a 144 с.
|c ил.
|
| 320 |
|
|
|a Библиография в конце работ.
|
| 610 |
1 |
|
|a получение
|
| 610 |
1 |
|
|a свойства
|
| 610 |
1 |
|
|a применение
|
| 610 |
1 |
|
|a фенопласты
|
| 610 |
1 |
|
|a ионообменные смолы
|
| 610 |
1 |
|
|a сборники
|
| 675 |
|
|
|a 678.632
|v 3
|
| 675 |
|
|
|a 661.183
|v 3
|
| 712 |
0 |
2 |
|a Научно-исследовательский институт технико-экономических исследований химической промышленности (НИИТЭХИМ)
|c (Москва)
|2 stltpush
|3 (RuTPU)RU\TPU\col\10008
|
| 712 |
0 |
2 |
|a Кемеровский научно-исследовательский институт химической промышленности
|2 stltpush
|3 (RuTPU)RU\TPU\col\12427
|9 25387
|
| 801 |
|
1 |
|a RU
|b 63413507
|c 20070324
|g PSBO
|
| 801 |
|
2 |
|a RU
|b 63413507
|c 20180426
|g PSBO
|
| 942 |
|
|
|c BK
|